[Event "Novgorod op"]
[Site "Novgorod"]
[Date "1999.03.21"]
[Round "3"]
[White "Bratchenko, Alexander"]
[Black "Galkin, Alexander"]
[Result "1/2-1/2"]
[WhiteElo "2342"]
[BlackElo "2507"]

1.d4 d5 2.c4 e6 3.Nf3 c6 4.e3 Nf6 5.Nc3 Nbd7 6.Bd3 dxc4 7.Bxc4 b5 8.Bd3 Bb7
9.O-O a6 10.e4 c5 11.d5 Qc7 12.dxe6 fxe6 13.Qe2 c4 14.Bc2 Bd6 15.Ng5 Nc5
16.f4 h6 17.Nf3 Nd3 18.e5 Bc5+ 19.Kh1 Ng4 20.Nd1 O-O-O 21.b3 Qf7 22.Bxd3 cxd3
23.Qe1 Kb8 24.Bd2  1/2-1/2

[Event "Bled op"]
[Site "Bled"]
[Date "1999.03.22"]
[Round "3"]
[White "Osterman, Rudolf"]
[Black "Starc, Christian"]
[Result "1-0"]
[WhiteElo "2376"]
[BlackElo "2126"]

1.Nf3 d5 2.d4 c6 3.e3 Nf6 4.c4 e6 5.Nc3 Nbd7 6.Bd3 Bd6 7.O-O O-O 8.e4 dxc4
9.Bxc4 e5 10.Bb3 h6 11.h3 Qc7 12.Be3 exd4 13.Bxd4 Ne5 14.Nxe5 Bxe5 15.Bxe5 Qxe5
16.f4 Qe7 17.e5 Nd7 18.Qh5 Nc5 19.Bc2 b5 20.Rae1 b4 21.Nd1 Ba6 22.Rf3 Rad8
23.Rg3 Kh8 24.Ne3 Nd3 25.Rxg7  1-0

[Event "Bled op"]
[Site "Bled"]
[Date "1999.03.23"]
[Round "4"]
[White "Zheliandinov, Viktor"]
[Black "Sveshnikov, Evgeny"]
[Result "1/2-1/2"]
[WhiteElo "2402"]
[BlackElo "2563"]

1.d4 d5 2.c4 e6 3.Nc3 c6 4.Nf3 Nf6 5.e3 Nbd7 6.Bd3 dxc4 7.Bxc4 b5 8.Bb3 b4
9.Ne2 Bb7 10.O-O c5 11.Nf4 Bd6 12.Ng5 Bxf4 13.exf4 O-O 14.Be3 h6 15.Nf3 Ng4
16.Bd2 a5 17.h3 Ngf6 18.Rc1 Rc8 19.Be3 Qe7 20.Re1 Nd5 21.Bxd5 Bxd5 22.dxc5 Nxc5
23.Qe2 Nd7 24.Rxc8 Rxc8  1/2-1/2

[Event "Novgorod op"]
[Site "Novgorod"]
[Date "1999.03.23"]
[Round "5"]
[White "Kharitonov, Andrei Y"]
[Black "Evseev, Denis"]
[Result "1/2-1/2"]
[WhiteElo "2562"]
[BlackElo "2503"]

1.d4 d5 2.c4 c6 3.Nf3 Nf6 4.Nc3 e6 5.e3 Nbd7 6.Bd3 dxc4 7.Bxc4 b5 8.Bb3 b4
9.Ne2 Bb7 10.O-O Bd6 11.Nf4 O-O 12.Ng5 Bxf4 13.exf4 c5 14.Re1 h6 15.Nh3 Rc8
16.dxc5 Nxc5 17.Be3  1/2-1/2

[Event "Bled op"]
[Site "Bled"]
[Date "1999.03.25"]
[Round "6"]
[White "Mikhalchishin, Adrian"]
[Black "Sveshnikov, Evgeny"]
[Result "1/2-1/2"]
[WhiteElo "2542"]
[BlackElo "2563"]

1.d4 d5 2.c4 c6 3.Nf3 Nf6 4.Nc3 e6 5.e3 Nbd7 6.Qc2 Bd6 7.Be2 O-O 8.O-O Re8
9.Rd1 Qe7 10.h3 h6 11.a3 dxc4 12.Bxc4 e5 13.Nh4 Nf8 14.dxe5 Bxe5 15.Nf3 Bxc3
16.Qxc3  1/2-1/2

[Event "IND-ch"]
[Site "Nagpur"]
[Date "1999.03.25"]
[Round "3"]
[White "Prakash, G B."]
[Black "Neelotpal, Das"]
[Result "1/2-1/2"]
[WhiteElo "2403"]
[BlackElo "2436"]

1.d4 d5 2.c4 c6 3.Nf3 Nf6 4.e3 e6 5.Nc3 Nbd7 6.Qc2 Bd6 7.Be2 O-O 8.O-O e5
9.cxd5 cxd5 10.Nb5 Bb8 11.dxe5 Nxe5 12.Nbd4 Bg4 13.Bd2 Ne4 14.Rad1 Qf6 15.Qb3 Qh6
16.Nxe5 Bxe5 17.f4 Bxd4 18.Bxg4 Bb6 19.Qxd5 Rae8 20.Bc1 Nf6 21.Qf5 Bxe3+
22.Bxe3 Nxg4 23.Qxg4 Rxe3 24.f5  1/2-1/2

[Event "Novgorod op"]
[Site "Novgorod"]
[Date "1999.03.25"]
[Round "7"]
[White "Burmakin, Vladimir"]
[Black "Sorokin, Maxim"]
[Result "1-0"]
[WhiteElo "2534"]
[BlackElo "2551"]

1.d4 d5 2.Nf3 Nf6 3.c4 e6 4.Nc3 c6 5.e3 Nbd7 6.Qc2 Bd6 7.Be2 O-O 8.O-O dxc4
9.Bxc4 Qe7 10.a3 e5 11.h3 Bc7 12.Ba2 h6 13.Nh4 Rd8 14.Nf5 Qf8 15.Bd2 Nb6
16.dxe5 Bxe5 17.Rad1 Nbd5 18.Nxd5 Nxd5 19.Ba5 Rd7 20.f4 Bc7 21.Bxc7 Nxc7
22.Bb1 g6 23.Nd4 Nd5 24.Rf3 Nf6 25.e4 Qd8 26.Qc3 b6 27.Rd2 Bb7 28.Nb3 Rxd2
29.Nxd2 c5 30.Rd3 Qe7 31.e5 Nd5 32.Qc4 b5 33.Qxb5 Nxf4 34.Rd7 Nxh3+ 35.Kf1 Ba6
36.Rxe7 Bxb5+ 37.Ke1 Nf4 38.Ba2 Ne6 39.Bxe6 fxe6 40.Rxe6  1-0

[Event "Bled op"]
[Site "Bled"]
[Date "1999.03.26"]
[Round "7"]
[White "Krivoshey, Sergei"]
[Black "Atalik, Suat"]
[Result "1/2-1/2"]
[WhiteElo "2451"]
[BlackElo "2593"]

1.d4 d5 2.c4 c6 3.Nc3 Nf6 4.e3 e6 5.Nf3 Nbd7 6.Bd3 dxc4 7.Bxc4 b5 8.Be2 a6
9.e4 b4 10.e5 bxc3 11.exf6 Nxf6 12.bxc3 Bd6 13.O-O O-O 14.Ne5 Qc7 15.Bf3 Rb8
16.g3 c5 17.Nc6 Rb6 18.dxc5 Bxc5 19.Bf4 Qd7 20.Qxd7 Bxd7 21.Ne5 Bb5 22.c4 Ba4
23.Rab1 Rd6 24.Rb7 Rdd8 25.g4 h6 26.h4 Ne8 27.Rfb1 g5 28.hxg5 hxg5 29.Bg3 f6
30.Bc6 Bxc6 31.Nxc6 Rc8 32.Na5 e5 33.Kg2 Nd6 34.Rd7 Rf7 35.Rxf7 Kxf7 36.f3 Bd4
37.Bf2 Nxc4 38.Rc1 Nd6 39.Rxc8 Nxc8 40.Bxd4 exd4 41.Nc6 Ke6 42.Nxd4+ Kd5
43.Nb3 Nb6 44.f4 Na4 45.Kf3 Kc4  1/2-1/2

[Event "Novgorod op"]
[Site "Novgorod"]
[Date "1999.03.27"]
[Round "9"]
[White "Sambuev, Bator"]
[Black "Goloshchapov, Alexander"]
[Result "0-1"]
[WhiteElo "2409"]
[BlackElo "2446"]

1.Nf3 d5 2.d4 Nf6 3.c4 e6 4.Nc3 c6 5.e3 Nbd7 6.Qc2 Bd6 7.Bd3 O-O 8.O-O dxc4
9.Bxc4 b5 10.Be2 Bb7 11.a3 a6 12.e4 e5 13.Rd1 Qb8 14.h3 Re8 15.dxe5 Nxe5
16.Bg5 Nxf3+ 17.Bxf3 Bh2+ 18.Kh1 Be5 19.Be3 Qc7 20.Rac1 Rac8 21.b4 Bxc3 22.Qxc3 Nxe4
23.Qc2 c5 24.Bxc5 Qb8 25.Bg4 Rc7 26.Kg1 Qa8 27.Bf3 h6 28.Qb2 Rc6 29.Be3 Rf6
30.Rc7 Rxf3 31.gxf3 Nf6 32.Kh2 Bxf3 33.Rg1 Qd8 34.Ra7 Ng4+ 35.Rxg4 Bxg4 36.hxg4 Rxe3
37.fxe3 Qb8+ 38.Kg2 Qxa7 39.Qe5 Qd7 40.Kg3 Qe6 41.Qd4 f6 42.Qd8+ Kf7 43.Qc7+ Kg6
44.Qc2+ Kg5 45.Qe2 Qe4  0-1

[Event "DEN-ch"]
[Site "Aarhus"]
[Date "1999.03.28"]
[Round "2"]
[White "Schandorff, Lars"]
[Black "Hansen, Lars Bo"]
[Result "1/2-1/2"]
[WhiteElo "2527"]
[BlackElo "2565"]

1.d4 d5 2.c4 c6 3.Nc3 Nf6 4.e3 e6 5.Nf3 Nbd7 6.Bd3 dxc4 7.Bxc4 b5 8.Bd3 b4
9.Ne4 Nxe4 10.Bxe4 Bb7 11.O-O Be7 12.a3 a5 13.Qc2 Rc8 14.axb4 axb4 15.Nd2 h6
16.Nb3 O-O 17.Bd2 Qb6 18.Na5 Ba6 19.Nc4 Bxc4 20.Qxc4 c5 21.dxc5 Nxc5 22.Qxb4 Rb8
23.Qxb6 Rxb6 24.Bf3  1/2-1/2

[Event "Amber Rapidplay"]
[Site "Monte Carlo"]
[Date "1999.03.28"]
[Round "11"]
[White "Gelfand, Boris"]
[Black "Ljubojevic, Ljubomir"]
[Result "0-1"]
[WhiteElo "2691"]
[BlackElo "2571"]

1.d4 Nf6 2.c4 e6 3.Nc3 d5 4.Nf3 c6 5.e3 Nbd7 6.Bd3 Bd6 7.e4 dxe4 8.Nxe4 Nxe4
9.Bxe4 e5 10.O-O exd4 11.Bg5 Nf6 12.Qxd4 h6 13.Bh4 g5 14.Rfe1 gxh4 15.Bxc6+ Kf8
16.Re8+ Nxe8 17.Qxh8+ Ke7 18.Re1+ Be6 19.Nd4 Bxh2+ 20.Kxh2 Qc7+ 21.Kg1 bxc6
22.Nf5+ Kd8 23.Rd1+ Bd7 24.Nd6 Ke7 25.Qe5+ Kf8 26.Qh8+ Ke7 27.c5 Be6 28.Qxh6 Nf6
29.Qxh4 Rg8 30.Re1 Qd8 31.Qa4 Kf8 32.Qh4 Rg6 33.f4 Qa5 34.Re5 Qd2 35.Rg5 Rxg5
36.Qxg5 Qe1+ 37.Kh2 Ng4+ 38.Kh3 Qh1+ 39.Kg3 Qe1+ 40.Kh3 f6 41.Qh4 Nf2+ 42.Kh2 Qh1+
43.Kg3 Qxh4+ 44.Kxh4 Nd3 45.g4 Nxb2 46.Kh5 Nd3 47.Kg6 Bxg4 48.Kxf6 Nxc5 49.f5 Bf3
50.Nc8 a5 51.Ke5 Nb7 52.Nb6 Ke7 53.Nc8+ Kd7 54.f6 Bh5 55.Nb6+ Kc7 56.Na8+ Kb8
57.Nb6 Bf7 58.a3 Kc7 59.Na8+ Kd8 60.Nb6 c5 61.Na4 Kd7 62.Nc3 Nd6 63.a4 Kc6
64.Ne2 Nc4+ 65.Ke4 Kd6 66.Nc3 Ke6 67.Kd3 Nd6 68.Nb5 Nxb5 69.axb5 Kxf6 70.Ke4 Ke6  0-1

[Event "Czerniak mem 15th"]
[Site "Tel Aviv"]
[Date "1999.03.28"]
[Round "1"]
[White "Bykhovsky, Avigdor"]
[Black "Karolyi, Tibor Jr"]
[Result "1/2-1/2"]
[WhiteElo "2453"]
[BlackElo "2432"]

1.d4 c6 2.c4 d5 3.Nf3 Nf6 4.Nc3 e6 5.e3 Nbd7 6.Qc2 Bd6 7.Bd3 dxc4 8.Bxc4 O-O
9.O-O a6 10.Rd1 Qc7 11.e4 e5 12.g3 b5 13.Be2 Re8 14.a3 Bb7 15.Bg5 exd4 16.Nxd4 h6
17.Be3 Bf8 18.Nf5 c5 19.Nd5 Qc6 20.Bf3 Nxd5 21.exd5 Qf6 22.Bf4 g6 23.Ne3 h5
24.Bg2 Bd6 25.Bxd6 Qxd6 26.a4  1/2-1/2

[Event "Julian Borowski GM"]
[Site "Essen"]
[Date "1999.03.29"]
[Round "3"]
[White "Dautov, Rustem"]
[Black "Fridman, Daniel"]
[Result "1/2-1/2"]
[WhiteElo "2598"]
[BlackElo "2529"]

1.d4 d5 2.c4 c6 3.Nf3 Nf6 4.Nc3 e6 5.e3 Nbd7 6.Qc2 Bd6 7.b3 O-O 8.Be2 e5
9.cxd5 cxd5 10.Nb5 Bb4+ 11.Bd2 Bxd2+ 12.Nxd2 a6 13.dxe5 Nxe5 14.Nd4 Bg4 15.Bxg4 Nexg4
16.O-O Rc8 17.Qb2 Ne4 18.N2f3 Qf6 19.Rac1 Rxc1 20.Qxc1 Qd6 21.h3 Ngf6 22.Qc2 Qc5
23.Qxc5 Nxc5 24.Rc1 Nce4 25.Nf5 g6 26.Ne7+ Kg7 27.Rc7 Nd6 28.Nd4 Re8 29.Ne6+ Kh6
30.Nf4 Rd8 31.Nexd5 Nxd5 32.Nxd5 Ne4 33.Nb6 Rd1+ 34.Kh2 Nxf2 35.Rxf7 Rh1+
36.Kg3 Ne4+ 37.Kg4 Ra1 38.a4 Rb1 39.Nd7 Rxb3 40.Nf8 Ng5 41.Re7 Rb4+ 42.Kg3 Re4
43.Rxb7  1/2-1/2

[Event "ISR-ch op"]
[Site "Tel Aviv"]
[Date "1999.03.29"]
[Round "2"]
[White "Golod, Vitali"]
[Black "Karp, Michael"]
[Result "1-0"]
[WhiteElo "2554"]
[BlackElo "2305"]

1.d4 d5 2.c4 c6 3.Nf3 Nf6 4.Nc3 e6 5.e3 Nbd7 6.Qc2 Bd6 7.Bd3 Qe7 8.O-O O-O
9.c5 Bc7 10.e4 dxe4 11.Nxe4 Nxe4 12.Bxe4 h6 13.Re1 Nf6 14.Bd3 Rd8 15.Rb1 Bd7
16.b4 Nd5 17.Bd2 Bf4 18.Rb3 Be8 19.g3 Bxd2 20.Qxd2 b5 21.a4 bxa4 22.Ra3 Qf6
23.Kg2 Nc7 24.Rxa4 a6 25.Re4 Nb5 26.Bc4 Ra7 27.Qe3 Bd7 28.Ne5 Be8 29.h4 Nc7
30.Ra3 Rb8 31.Qe1 Nd5 32.Nd3 Nc7 33.Rf4 Qe7 34.Rg4 f5 35.Rf4 Nb5 36.Qxe6+ Bf7
37.Qxe7 Rxe7 38.Bxb5 axb5 39.Rxf5 Bd5+ 40.Rxd5 cxd5 41.Ne5 Ree8 42.Ra5 Ra8
43.Rxb5 Ra2 44.c6 Rf8 45.c7 Raxf2+ 46.Kh3 Rc2 47.Rc5 Rxc5 48.dxc5  1-0

[Event "DEN-ch"]
[Site "Aarhus"]
[Date "1999.03.30"]
[Round "4"]
[White "Hansen, Curt"]
[Black "Hansen, Lars Bo"]
[Result "1/2-1/2"]
[WhiteElo "2608"]
[BlackElo "2565"]

1.c4 c6 2.d4 d5 3.Nc3 Nf6 4.Nf3 e6 5.e3 Nbd7 6.Qc2 Bd6 7.Be2 O-O 8.b3 Re8
9.O-O Qe7 10.Bb2 h6 11.Rad1 b6 12.e4 Nxe4 13.Nxe4 dxe4 14.Qxe4 Nf6 15.Qe3 Bb7
16.Ne5 c5 17.Bf3 Rad8 18.Rd3 cxd4 19.Bxd4 Bxf3 20.Qxf3 Bxe5 21.Bxe5 Rxd3
22.Qxd3 Rd8 23.Qe2 Qd7 24.Bc3 Qd3 25.Qxd3 Rxd3 26.Rc1 Nd7 27.Kf1 e5 28.Ke2 Rd6
29.Bb4 Nc5 30.f3  1/2-1/2

[Event "Czerniak mem 15th"]
[Site "Tel Aviv"]
[Date "1999.03.30"]
[Round "3"]
[White "Botvinnik, Mikhail2"]
[Black "Karolyi, Tibor Jr"]
[Result "1/2-1/2"]
[WhiteElo "2239"]
[BlackElo "2432"]

1.d4 d5 2.c4 c6 3.Nf3 Nf6 4.Nc3 e6 5.e3 Nbd7 6.Qc2 Bd6 7.Bd3 dxc4 8.Bxc4 O-O
9.O-O a6 10.b3 c5 11.Ne4 Nxe4 12.Qxe4 Nf6 13.Qh4 b5 14.Bd3 Bb7 15.Bb2 Ne4
16.Qh5 Nf6 17.Qh4 Ne4 18.Qh5  1/2-1/2

[Event "IND-ch"]
[Site "Nagpur"]
[Date "1999.03.31"]
[Round "9"]
[White "Sashikiran, Krishnan"]
[Black "Neelotpal, Das"]
[Result "1-0"]
[WhiteElo "2525"]
[BlackElo "2436"]

1.d4 d5 2.c4 c6 3.Nc3 Nf6 4.e3 e6 5.Nf3 Nbd7 6.Bd3 dxc4 7.Bxc4 b5 8.Bd3 Bb7
9.e4 b4 10.Na4 c5 11.e5 Nd5 12.Nxc5 Nxc5 13.dxc5 Bxc5 14.O-O h6 15.Nd2 Be7
16.Nc4 Kf8 17.Qe2 g6 18.Be3 Kg7 19.Rad1 Rc8 20.Nd6 Bxd6 21.exd6 Nxe3  1-0

[Event "BEL-chT9899"]
[Site "Antwerp"]
[Date "1999.03.??"]
[Round "8"]
[White "De Wachter, Matthias"]
[Black "Hautot, Stephane"]
[Result "0-1"]
[WhiteElo "2194"]
[BlackElo "2103"]

1.d4 d5 2.c4 c6 3.Nc3 Nf6 4.e3 e6 5.Nf3 Nbd7 6.Qc2 Bd6 7.Be2 dxc4 8.Bxc4 b5
9.Bd3 Bb7 10.a3 a6 11.b4 a5 12.Rb1 axb4 13.axb4 Qe7 14.Bd2 O-O 15.Na2 Ra4
16.e4 e5 17.O-O exd4 18.Nxd4 Bxh2+ 19.Kxh2 Qe5+ 20.Kg1 Qxd4 21.Nc3 Ra3 22.Bxb5 cxb5
23.Nxb5 Qe5 24.Nxa3 Ng4 25.g3 Bxe4  0-1

[Event "DEN-chB"]
[Site "Aarhus"]
[Date "1999.04.01"]
[Round "3"]
[White "Larsen, Peter"]
[Black "Brinck Claussen, Bjorn"]
[Result "0-1"]
[WhiteElo "2261"]
[BlackElo "2330"]

1.d4 d5 2.c4 c6 3.Nf3 Nf6 4.Nc3 e6 5.e3 Nbd7 6.b3 Bd6 7.Bb2 O-O 8.Be2 Qe7
9.O-O Re8 10.Qc2 dxc4 11.Bxc4 e5 12.Ng5 Rf8 13.d5 h6 14.dxc6 hxg5 15.cxd7 Bxd7
16.Nd5 Nxd5 17.Bxd5 Rac8 18.Qe4 Bc6 19.Rad1 Bb5 20.Rfe1 Bb4 21.Bxb7 Rc7 22.Bd5 Bxe1
23.Rxe1 Re8 24.g3 Ba6 25.h4 gxh4 26.Kg2 Bb7 27.Bxb7 Rxb7 28.Ba3 Qd7 29.Qxh4 Rb6
30.e4 Rh6 31.Qg5 Qh3+ 32.Kf3 Rf6+ 33.Ke3 Qg2 34.f3 Rxf3+  0-1

[Event "ISR-chT"]
[Site "Israel"]
[Date "1999.04.02"]
[Round "6"]
[White "Greenfeld, Alon"]
[Black "Haimovich, Tal"]
[Result "1-0"]
[WhiteElo "2521"]
[BlackElo "2235"]

1.d4 d5 2.c4 c6 3.Nf3 Nf6 4.Nc3 e6 5.e3 Nbd7 6.Bd3 dxc4 7.Bxc4 b5 8.Bd3 Bb7
9.e4 b4 10.Na4 c5 11.e5 Nd5 12.Ng5 cxd4 13.Nxe6 Qe7 14.Nxf8 Qxe5+ 15.Be2 Kxf8
16.O-O Re8 17.Bc4 Re6 18.f4 Qd6 19.Qxd4 N5b6 20.Qxd6+ Rxd6 21.Nxb6 Nxb6 22.Bb3 Ke7
23.Re1+ Kf6 24.Be3 Rhd8 25.Bc5 R6d7 26.g4 h5 27.Be7+ Rxe7 28.g5+ Kf5 29.Rxe7 Bd5
30.Rd1  1-0

[Event "ISR-chT"]
[Site "Israel"]
[Date "1999.04.02"]
[Round "6"]
[White "Mittelman, Gur"]
[Black "Kaspi, Alexander"]
[Result "1/2-1/2"]
[WhiteElo "2416"]
[BlackElo "2510"]

1.d4 Nf6 2.Nf3 d5 3.c4 e6 4.Nc3 c6 5.e3 Nbd7 6.Qc2 Bd6 7.Bd3 O-O 8.O-O e5
9.cxd5 cxd5 10.e4 exd4 11.Nxd5 Nxd5 12.exd5 h6 13.Nxd4 Bxh2+ 14.Kxh2 Qh4+
15.Kg1 Qxd4 16.Qc4 Qxc4 17.Bxc4 Nb6 18.Bb3 Bd7 19.a4 Rfc8 20.Re1 Bf5 21.Re7 Bc2
22.Bxc2 Rxc2 23.d6 Rc6 24.Rxb7 Rxd6 25.Be3 Nc4 26.Rxa7 Rxa7 27.Bxa7 Nxb2
28.a5 Ra6 29.Bd4 Nc4 30.Bc3 f6 31.Rb1 Ra7 32.Rb5 Kf7 33.Rc5 Nd6 34.Rc6 Nb5
35.Bd2 Ke7 36.Bb4+ Kd7 37.Rb6 Nc7 38.Kh2 Na6 39.Bd2 Nc7 40.Bb4 Na6 41.Bd2 Nc7
42.Rb3 Nd5 43.g4 Ke6 44.Rb8 Rc7 45.Re8+ Kd7 46.Rg8 Ke6 47.Re8+ Kd7 48.Rg8  1/2-1/2

[Event "Dreifluesse op 7th"]
[Site "Passau"]
[Date "1999.04.02"]
[Round "1"]
[White "Loos, Stephan"]
[Black "Edling, Joern"]
[Result "1/2-1/2"]
[WhiteElo "2240"]
[BlackElo "1815"]

1.d4 d5 2.c4 c6 3.Nc3 Nf6 4.e3 e6 5.Nf3 Bd6 6.Qc2 Nbd7 7.b3 b6 8.Bb2 Bb7
9.Be2 Rc8 10.O-O O-O 11.Rad1 Qe7 12.e4 Nxe4 13.Nxe4 dxe4 14.Qxe4 Nf6 15.Qh4 Rfd8
16.Bd3 c5 17.dxc5 Bxc5 18.Bxf6 Qxf6 19.Qxh7+ Kf8 20.Be4 Bxe4 21.Qxe4 g6 22.Qe5 Kg7
23.Rfe1 Bb4 24.Rxd8 Rxd8 25.Qxf6+ Kxf6 26.Rb1 e5 27.h4 Kf5 28.Rb2 e4 29.Ng5 f6
30.g4+ Kxg4 31.Nxe4 f5 32.Nf6+ Kxh4 33.Nd5 Bf8 34.Kg2 Re8 35.Rb1 Kg5 36.Kf3 Kh6  1/2-1/2

[Event "Dreifluesse op 7th"]
[Site "Passau"]
[Date "1999.04.02"]
[Round "1"]
[White "Dunsbach, Ralf"]
[Black "Weisker, Michael"]
[Result "1-0"]
[WhiteElo "1805"]
[BlackElo "2245"]

1.Nf3 d5 2.c4 c6 3.d4 Nf6 4.Nc3 e6 5.e3 Be7 6.Bd3 Nbd7 7.O-O O-O 8.e4 dxe4
9.Nxe4 Nxe4 10.Bxe4 Nf6 11.Bc2 c5 12.dxc5 Bxc5 13.Bg5 Be7 14.Qe2 h6 15.Bh4 Nh5
16.Rad1 Qc7 17.Bxe7 Qxe7 18.Ne5 Nf6 19.Qd3 b5 20.cxb5 Bb7 21.Nd7 Rfd8 22.Nxf6+ Qxf6
23.Qh7+ Kf8 24.Be4 Bxe4 25.Qxe4 Qxb2 26.a4 Qb3 27.Rb1 Qd5 28.Qh7 Ke7 29.g3 Qd4
30.Rfc1 Rac8 31.Rxc8 Rxc8 32.a5 Qd2 33.Qxg7 Rc2 34.Rf1 Rb2 35.Qe5 f6 36.Qc5+ Ke8
37.Ra1 Qd5 38.Qxd5 exd5 39.b6  1-0

[Event "Dreifluesse op 7th"]
[Site "Passau"]
[Date "1999.04.02"]
[Round "1"]
[White "Otterstaetter, Stefan"]
[Black "Fuchs, Daniel"]
[Result "1-0"]
[WhiteElo "2065"]
[BlackElo "1524"]

1.d4 d5 2.Nf3 Nf6 3.c4 e6 4.Nc3 c6 5.e3 Nbd7 6.Qc2 b6 7.Be2 Bb7 8.O-O Be7
9.cxd5 Nxd5 10.e4 Nxc3 11.bxc3 c5 12.d5 exd5 13.Rd1 O-O 14.exd5 Bf6 15.Rb1 Re8
16.Bb5 a6 17.Bc6 Bxc6 18.dxc6 Qe7 19.cxd7 Red8 20.Rxb6 Ra7 21.Rbd6 Raxd7
22.Rxd7 Rxd7 23.Rxd7 Qxd7 24.h3 h6 25.Be3 Qb5 26.c4  1-0

[Event "Rheinhessen-ch MT1"]
[Site "Woerrstadt"]
[Date "1999.04.02"]
[Round "8"]
[White "Haasler, Andreas"]
[Black "Mischke, Gabriel"]
[Result "1/2-1/2"]
[WhiteElo "2219"]
[BlackElo "2159"]

1.d4 d5 2.c4 e6 3.Nc3 Nf6 4.Nf3 c6 5.e3 Nbd7 6.Bd3 Bd6 7.Qc2 a6 8.a4 e5 9.cxd5 cxd5
10.dxe5 Nxe5 11.Nxe5 Bxe5 12.f4 Bxc3+ 13.Qxc3 O-O 14.O-O Bd7 15.Qd4 Re8 16.b4 Qe7
17.Rf3 Bg4 18.Rg3 h5 19.Bb2 Kf8 20.b5 Qd6 21.f5 Qd7 22.h3 Qc7 23.Kf2 Re4
24.b6 Rxd4 25.bxc7 Rxd3 26.Bxf6 gxf6 27.hxg4 hxg4 28.Rb1 Rd2+ 29.Kg1 Rc2
30.Rxb7 Rc8 31.Rb6 R8xc7 32.Rxa6 R7c4 33.Rxf6 Rxa4 34.Rd6  1/2-1/2

[Event "Mitropa Cup"]
[Site "Baden"]
[Date "1999.04.03"]
[Round "3"]
[White "Tratar, Marko"]
[Black "Konopka, Michal"]
[Result "1/2-1/2"]
[WhiteElo "2450"]
[BlackElo "2480"]

1.Nf3 d5 2.d4 c6 3.c4 Nf6 4.Nc3 e6 5.e3 Nbd7 6.Qc2 Bd6 7.Bd3 O-O 8.O-O Qe7
9.Rd1 dxc4 10.Bxc4 e5 11.Bb3 e4 12.Ng5 Bxh2+ 13.Kxh2 Ng4+ 14.Kg1 Qxg5 15.Qxe4 Ndf6  1/2-1/2

[Event "Mitropa Cup"]
[Site "Baden"]
[Date "1999.04.03"]
[Round "3"]
[White "Polak, Tomas"]
[Black "Soln, Primoz"]
[Result "1-0"]
[WhiteElo "2488"]
[BlackElo "2425"]

1.d4 d5 2.c4 c6 3.Nf3 e6 4.Nc3 Nf6 5.e3 Nbd7 6.Qc2 Bd6 7.Be2 O-O 8.O-O dxc4
9.Bxc4 b5 10.Be2 Bb7 11.Rd1 Qc7 12.a3 a6 13.b4 e5 14.h3 h6 15.Bb2 exd4 16.Nxd4 c5
17.Nf5 Bh2+ 18.Kh1 cxb4 19.axb4 Be5 20.Rac1 Ne4 21.Nxe4 Qxc2 22.Rxc2 Bxe4
23.Ne7+ Kh7 24.Rxd7 Rad8 25.Rxd8 Rxd8 26.Bxe5 Bxc2 27.Bd4 Be4 28.f3 Re8 29.Bc5 Ba8
30.Nf5 Re5 31.Bd3 g6 32.Ng3 Rd5 33.Bd4 f5 34.Ne2 Rd8 35.h4 Bc6 36.h5 Be8
37.Nf4 gxh5 38.Bxf5+ Kg8 39.Ne6  1-0

[Event "Mar del Plata op 30th"]
[Site "Mar del Plata"]
[Date "1999.04.03"]
[Round "8"]
[White "Albarran, Gustavo"]
[Black "Hobaica, Juan Pablo"]
[Result "1/2-1/2"]
[WhiteElo "2180"]
[BlackElo "2270"]

1.d4 d5 2.c4 c6 3.Nf3 Nf6 4.Nc3 e6 5.e3 Nbd7 6.Qc2 Bd6 7.b3 O-O 8.Bd3 Re8
9.O-O e5 10.cxd5 cxd5 11.e4 exd4 12.Nxd5 h6 13.Bb2 Nxd5 14.exd5 Nf6 15.Bc4 Bb8
16.Rfe1 Bg4 17.Rxe8+ Nxe8 18.Nxd4 Nf6 19.Re1 a6 20.Nf5 Bd6 21.Bxf6 Qxf6 22.Nxd6 Qxd6
23.Qe4 Qd7 24.h3 Bf5 25.Qe7 b5 26.Qxd7 Bxd7 27.Bf1 Kf8 28.g3 Re8 29.Rxe8+ Bxe8
30.Kg2 Ke7 31.Kf3 Kd6 32.Ke4 f6 33.Kd4 Bf7 34.Bg2 Bg8 35.b4 Bf7 36.a3 Bg8
37.h4 Bf7 38.Bh3 Bxd5 39.Bc8 Bc6 40.Bxa6 Bd7 41.Bb7 Be8 42.Bf3 Bd7 43.Be2 Bc6
44.f4 Be8 45.Bd3 Bc6 46.Bg6 Bd7 47.Bf7 Bc6 48.Bg8 Be8 49.Bb3 Bc6 50.Bf7 Bd7
51.Ke4 Ke7 52.Bb3 Bc6+ 53.Kd4 Kd6 54.Bc2 Be8 55.Bd3 Bc6 56.Be2  1/2-1/2

[Event "IND-ch"]
[Site "Nagpur"]
[Date "1999.04.03"]
[Round "12"]
[White "Prakash, G B."]
[Black "Shankar, Roy"]
[Result "1-0"]
[WhiteElo "2403"]
[BlackElo "2394"]

1.d4 d5 2.Nf3 Nf6 3.c4 c6 4.e3 e6 5.Nc3 Bd6 6.Qc2 Nbd7 7.Be2 O-O 8.O-O dxc4
9.Bxc4 Qe7 10.Bd2 e5 11.Bb3 Rd8 12.h3 b6 13.Ng5 Rf8 14.Nce4 Nxe4 15.Nxe4 Bb7
16.Nxd6 Qxd6 17.dxe5 Nxe5 18.Bc3 c5 19.Rad1 Qc7 20.Qf5 Rae8 21.f4 c4 22.Bxe5 Qc6
23.Qg4 Rxe5 24.fxe5 cxb3 25.axb3 Bc8 26.Qg5 h6 27.Qe7 Be6 28.Rd8 Rxd8 29.Qxd8+ Kh7
30.Qd3+ Kg8 31.b4 Qa4 32.Qc3 a5 33.bxa5 bxa5 34.Kh2 Qb5 35.Rd1 Qb6 36.Ra1  1-0

[Event "Dreifluesse op 7th"]
[Site "Passau"]
[Date "1999.04.04"]
[Round "6"]
[White "Kacza, Ingo"]
[Black "Borries, Barbara"]
[Result "1/2-1/2"]
[WhiteElo "1796"]
[BlackElo "1780"]

1.d4 d5 2.c4 c6 3.e3 Nf6 4.Nc3 e6 5.Nf3 Be7 6.cxd5 exd5 7.Bd3 Bg4 8.h3 Bh5
9.Rb1 O-O 10.b4 Nbd7 11.a4 b6 12.O-O Rc8 13.Be2 Bg6 14.Rb3  1/2-1/2

[Event "Dreifluesse op 7th"]
[Site "Passau"]
[Date "1999.04.04"]
[Round "6"]
[White "Fuchs, Michael"]
[Black "Drexel, Michael"]
[Result "1/2-1/2"]
[WhiteElo "2020"]
[BlackElo "2200"]

1.Nf3 Nf6 2.c4 c6 3.Nc3 d5 4.d4 e6 5.e3 Nbd7 6.Qc2 Bd6 7.Bd3 O-O 8.O-O Re8
9.h3 Qe7 10.e4 dxe4 11.Nxe4 Nxe4 12.Bxe4 h6 13.Re1 Nf6 14.Bd3  1/2-1/2

[Event "Mitropa Cup"]
[Site "Baden"]
[Date "1999.04.05"]
[Round "5"]
[White "Pelletier, Yannick"]
[Black "Soln, Primoz"]
[Result "1/2-1/2"]
[WhiteElo "2483"]
[BlackElo "2425"]

1.d4 c6 2.c4 d5 3.Nf3 e6 4.e3 Nf6 5.Nc3 Nbd7 6.Bd3 dxc4 7.Bxc4 b5 8.Bd3 Bd6
9.a4 b4 10.Ne4 Nxe4 11.Bxe4 Bb7 12.Nd2 Qc7 13.Nc4 Be7 14.a5 Nf6 15.a6 Nxe4
16.axb7 Qxb7 17.Qg4 Nf6 18.Qxg7 Rg8 19.Qxf6 Qb5 20.Qf3 Qxc4 21.Bd2 a5 22.Rc1  1/2-1/2

[Event "IND-ch"]
[Site "Nagpur"]
[Date "1999.04.05"]
[Round "14"]
[White "Prakash, G B."]
[Black "Rathore, SK."]
[Result "1-0"]
[WhiteElo "2403"]
[BlackElo "2372"]

1.d4 d5 2.c4 c6 3.Nf3 Nf6 4.e3 e6 5.Nc3 Nbd7 6.Qc2 Bd6 7.Be2 dxc4 8.Bxc4 O-O
9.O-O e5 10.Bb3 Re8 11.Ng5 Rf8 12.Bd2 h6 13.Nge4 Bc7 14.d5 Nxe4 15.Nxe4 cxd5
16.Bxd5 Nb6 17.Bb3 Bd7 18.Bb4 Re8 19.Rfd1 Rc8 20.Nc5 e4 21.Rxd7 Nxd7 22.Rd1 Bxh2+
23.Kf1 Qb6 24.Rxd7 Qxb4 25.Bxf7+ Kh7 26.Bxe8 Rxc5 27.Rxb7 Rxc2 28.Rxb4 Rc1+
29.Ke2 Rc2+ 30.Ke1 Be5 31.Rxe4 Bxb2 32.Re6 Bc3+ 33.Kf1 Rc1+ 34.Ke2 Bf6 35.Bc6 Kg8
36.f4 Kf8 37.Kf3 Rc3 38.g4 Kf7 39.Bd5 Kf8 40.Be4 Rc8 41.Bg6 Be7 42.Ke4 Rb8
43.Rc6 Bd8 44.Bf5 Ke7 45.Re6+ Kf7 46.Rd6 Be7 47.Rd7 Rb4+ 48.Kf3 Ra4 49.Bc2 Ra5
50.Bb3+ Ke8 51.Rb7 a6 52.Ra7 Bf6 53.Ke4 Kd8 54.Kd3 Kc8 55.e4 g5 56.e5 Bd8
57.e6 gxf4 58.e7 Bxe7 59.Rxe7 Rg5  1-0

[Event "ISR-ch op"]
[Site "Ramat Aviv"]
[Date "1999.04.06"]
[Round "7"]
[White "Tsesarsky, Ilya"]
[Black "Kaspi, Alexander"]
[Result "1-0"]
[WhiteElo "2430"]
[BlackElo "2510"]

1.Nf3 d5 2.d4 c6 3.c4 Nf6 4.Nc3 e6 5.e3 Nbd7 6.Qc2 Bd6 7.Bd3 O-O 8.O-O dxc4
9.Bxc4 h6 10.Rd1 Qe7 11.e4 Bb8 12.e5 Nd5 13.Qe4 f5 14.exf6 N7xf6 15.Qh4 Bd7
16.Re1 Qb4 17.Ne5 Be8 18.a3 Qd6 19.Bd2 a5 20.Rad1 Bc7 21.Bc1 Nxc3 22.bxc3 Nd5
23.Rd3 Qd8 24.Qe4 Rf6 25.Rg3 Kh8 26.Rh3 Bxe5 27.dxe5 Bg6 28.exf6 Bxe4 29.fxg7+ Kxg7
30.Bxh6+ Kf7 31.Rxe4 Qb6 32.Rf3+ Ke7 33.Bf1 Qb1 34.Rg4 b5 35.c4 bxc4 36.Rxc4 Kd6
37.h4 Rb8 38.Bf8+ Kd7 39.Bc5 e5 40.Rg4 Nf4 41.Re3 Qa1 42.Rg7+ Ke6 43.Re7+ Kf5
44.g4+ Kxg4 45.R7xe5 Rb3 46.f3+ Kg3 47.Rg5+ Kxh4 48.Rg4+ Kh5 49.Rxb3 Nh3+
50.Kg2 Qa2+ 51.Kxh3 Qxb3 52.Bg2 Qe6 53.a4 Qf5 54.Be3 c5 55.Kg3 Qe5+ 56.Bf4 Qe1+
57.Kh3 Qe6 58.Kg3 Qe1+ 59.Kh2 Qf2 60.Rg5+ Kh6 61.Rxc5+ Kg6 62.Rg5+ Kf6 63.Rg4 Kf5
64.Bg3 Qd2 65.Re4 Kf6 66.Be5+ Kf5 67.Bf4 Qb2 68.Bg3 Qd2 69.Re5+ Kf6 70.f4 Qb4
71.Bh4+ Kf7 72.Re7+ Kf8 73.Re4 Qb2 74.f5 Qb8+ 75.Kh3 Qb3+ 76.Kg4 Qc2 77.Bf3 Kf7
78.Bg5 Qb1 79.Re7+ Kf8 80.f6 Qg1+ 81.Kh5 Qh2+ 82.Kg6 Qg1 83.Rb7 Qg3 84.Rb8+  1-0

[Event "ISR-ch op"]
[Site "Tel Aviv"]
[Date "1999.04.08"]
[Round "9"]
[White "Tyomkin, Dimitri"]
[Black "Stisis, Yaacov"]
[Result "1-0"]
[WhiteElo "2504"]
[BlackElo "2374"]

1.d4 d5 2.c4 c6 3.Nf3 Nf6 4.Nc3 e6 5.e3 Nbd7 6.Bd3 dxc4 7.Bxc4 b5 8.Bd3 a6
9.e4 c5 10.e5 cxd4 11.Nxb5 Ng4 12.Qa4 Bb7 13.Nbxd4 Qb6 14.O-O Bc5 15.h3 Nxf2
16.Rxf2 Bxf3 17.Rxf3 O-O 18.Kh1 Nxe5 19.Nb3 Nxf3 20.Qe4 f5 21.Qxf3 Bd6 22.Be3 Qb4
23.Rd1 Kh8 24.Bd2 Qa4 25.Bc3 Ra7 26.Bc2 Bb8 27.Nd4 Qe8 28.Bb4 Rff7 29.Bb3 Rab7
30.Nxe6 Rfd7 31.Rxd7 Rxd7 32.Qxf5 Rf7 33.Qd3 Qd7 34.Qe2 Qc6 35.Nd8 Qc1+ 36.Bd1  1-0